| 000 | 00601nam a22002177a 4500 | ||
|---|---|---|---|
| 005 | 20221011113533.0 | ||
| 008 | 221011b ||||| |||| 00| 0 eng d | ||
| 040 | _cAL | ||
| 041 | _aEnglish | ||
| 082 |
_223 _a330 _bALIC |
||
| 100 |
_aRaza Ali _959393 |
||
| 245 | _aCapital Vam and Wages | ||
| 260 |
_aNew Delhi _bAll India Trade Union Congress _c1972 |
||
| 300 |
_a72 p. _bPB _c21x14 cm. |
||
| 365 |
_c₹ _d₹1.00 |
||
| 650 |
_aValue added and surplus value _959394 |
||
| 650 |
_aWages and Earnings _959395 |
||
| 650 |
_aGross Inputs _959396 |
||
| 700 |
_aALI (Raza) _959397 |
||
| 942 |
_2ddc _cGF |
||
| 999 |
_c224810 _d224810 |
||